000 00530nam a2200181 a 4500
001 0900
005 20140414131851.0
008 041005s19uu xx 00 eng d
020 _a1-85737-047-3
050 _aM 621.8
_bP76 1991
100 _aPollard, Michael
245 _aTelevision and video /
_cwritten by Michael Pollard ; illustrated by Terry Burton.
260 _aUK :
_bMerlion Pub.,
_c1991.
300 _a45 p. : ill. ; cm.
440 _aWorking Parts
650 _aTelevision
_xJuvenile literature.
999 _c110208
_d110208